| 000 | 01857cam a2200433 i 4500 | ||
|---|---|---|---|
| 999 |
_c63946 _d63946 |
||
| 001 | 768714001 | ||
| 003 | CO-MdFUSB | ||
| 005 | 20180622170021.0 | ||
| 008 | 100415s2010 sp a | |||| 001 0 spa | ||
| 017 |
_aM 11067-2010 _bOficina Depósito Legal Madrid |
||
| 020 | _a9788422014782 | ||
| 040 |
_aSpMaBN _bspa _cCO-MdFUSB _erda _dCO-MdFUSBC |
||
| 041 | _aspa | ||
| 080 | _a575.8:28 | ||
| 080 | _a929(100)"18":282 | ||
| 082 |
_224 _a261.55 _bAR791s |
||
| 100 | 1 |
_aArtigas, Mariano _d1938-2006 _eautor |
|
| 240 | _aNegotiating Darwin. The Vatican Confronts Evolution, 1877-1902 | ||
| 245 | 1 | 0 |
_aSeis católicos evolucionistas _b: el Vaticano frente a la evolución (1877-1902) _c/ Mariano Artigas, Thomas F. Glick, Rafael A. Martínez |
| 264 | 1 |
_aMadrid : _bBiblioteca de Autores Cristianos, _c[2010] |
|
| 264 | 4 | _c©2010 | |
| 300 |
_aXXXII, 406 p. _b: ilustraciones. _c21 cm. |
||
| 336 |
_2rdacontent _a1 _ba1 |
||
| 337 |
_2rdamedia _a2 _b5 |
||
| 338 |
_2rdacarrier _a2 _b5 |
||
| 490 | 0 |
_aEstudios y ensayos _aHistoria |
|
| 504 | _aBibliografía: páginas: [XXI]-XXXII, e índice | ||
| 505 | _aNuevos documentos -- Un decreto ineficaz: Raffaello Caverni -- Retractación en París: Dalmace Leroy -- Americanismo y evolucionismo: John A. Zahm -- ¿Condenado por evolucionista? Geramia Bonomelli. -- "Las erróneas informaciones de un inglés": John C. Hedley -- Felicidad en el infierno: St. George J. Mivart. | ||
| 534 |
_cNegotiating Darwin. The Vatican Confronts Evolution, 1877-1902 _pTítulo original: |
||
| 563 | _arústico | ||
| 650 | 7 |
_aEvolucionismo _xAspectos religiosos _xIglesia Católica _2embne |
|
| 650 | 7 |
_aCatólicos _xBiografías _2embne |
|
| 700 | 1 |
_aGlick, Thomas F. _eautor |
|
| 700 | 1 |
_aMartínez, Rafael A. _eautor _etraductor |
|
| 942 | _cBK | ||
| 956 | _a2 | ||